Historia de la Real Junta Particular de Comercio de Barcelona (1758 a 1847) / Àngel Ruiz i Pablo ; amb una nota a l'edició de Josep M. Fradera

per Ruiz i Pablo, Àngel

Publicat: Barcelona : Alta Fulla : Diputació de Barcelona , 1994
Descripció física: [11], XI, 447 p. ; 21 cm
Altres autors: Fradera, Josep M.

MARC

LEADER 00000nam a2200000Ia 4500
001 10738
008 160829s1994 xx 000 0 cat d
080 |a H-1-167 
100 |a Ruiz i Pablo, Àngel  |9 35626 
245 |a Historia de la Real Junta Particular de Comercio de Barcelona (1758 a 1847) / Àngel Ruiz i Pablo ; amb una nota a l'edició de Josep M. Fradera 
260 |a Barcelona :  |b Alta Fulla :  |b Diputació de Barcelona,  |c 1994 
300 |a [11], XI, 447 p. ;  |c 21 cm 
490 |a Clàssics del pensament econòmic català ; 10 
590 |a Edició facsímil de l'original, editada per la Cámara de Comercio y Navegación de Barcelona, el 1919 
650 |a Real Junta Particular de Comercio (Barcelona)  |x Història  |x 1758/1847  |9 35627 
700 1 |a Fradera, Josep M.  |9 35628 
710 1 |a Barcelona (Catalunya : Província).  |b Diputació  |9 52408 
710 2 |a Cambra Oficial de Comerç, Indústria i Navegació de Barcelona  |9 55031 
901 |a Arxiu 
942 |n 1 
952 |0 0  |1 0  |4 0  |6 H1167  |7 1  |9 47000  |a Arxiu  |b Arxiu  |d 2016-12-01  |l 0  |o H-1-167  |p 10738  |r 2016-12-01 00:00:00  |w 2016-12-01  |y ARXIU 
999 |c 50793  |d 50793